Organizational behavior / (Record no. 11925)
[ view plain ]
| 000 -LEADER | |
|---|---|
| fixed length control field | 00453pam a2200169 a 4500 |
| 020 ## - INTERNATIONAL STANDARD BOOK NUMBER | |
| ISBN | 0256225125 |
| 040 ## - CATALOGING SOURCE | |
| Transcribing agency | DLC |
| 082 00 - DEWEY DECIMAL CLASSIFICATION NUMBER | |
| Classification number | 658 LRW 1998 A039 Or. |
| 100 1# - MAIN ENTRY--AUTHOR NAME | |
| Personal name | Kreitner, Robert. |
| 245 10 - TITLE STATEMENT | |
| Title | Organizational behavior / |
| 250 ## - EDITION STATEMENT | |
| Edition statement | 4th ed. |
| 260 ## - PUBLICATION, DISTRIBUTION, ETC. (IMPRINT) | |
| Place of publication | Boston, Mass. : |
| Name of publisher | Irwin/McGraw-Hill, |
| Year of publication | c1998. |
| 300 ## - PHYSICAL DESCRIPTION | |
| Number of Pages | xviii, 670 p. : |
| Other physical details | ill. (some col.) ; |
| Dimensions | 27 cm. |
| 650 #0 - SUBJECT ADDED ENTRY--TOPICAL TERM | |
| Topical Term | Organizational behavior. |
| 700 1# - ADDED ENTRY--PERSONAL NAME | |
| Personal name | Kinicki, Angelo. |
| 942 ## - ADDED ENTRY ELEMENTS (KOHA) | |
| Koha item type | សៀវភៅភាសាអង់គ្លេស |
| 952 ## - LOCATION AND ITEM INFORMATION (KOHA) | |
| Withdrawn status [LOCAL, KOHA] | 0 |
| Permanent Location | Date acquired | Koha item type | Lost status | Shelving location | Barcode | Current Location | Full call number |
|---|---|---|---|---|---|---|---|
| Library Block A | 2017-08-08 | សៀវភៅភាសាអង់គ្លេស | A039 | A15356 | Library Block A | 658 LRW 1998 A039 Or. |